[Event "Druzynowe Mistrzostwa Stowarzyszenia Cross"]
[Site "Wielspin Wagrowiec"]
[Date "1899-12-30"]
[Round "8.16"]
[White "Filipiak, Rajmund"]
[Black "Zarow, Zdzislaw"]
[Result "0-1"]
[WhiteTitle "II+"]
[BlackTitle "I"]
[WhiteElo "1688"]
[BlackElo "1610"]

1. Nf3 Nf6 2. b3 e6 3. Bb2 Be7 4. c4 b6 5. e3 Bb7 6. g3 O-O 7. Bg2 d6 8. O-O Nbd7
9. Nc3 Rb8 10. d4 c5 11. Qc2 a6 12. Rad1 cxd4 13. exd4 Qc7 14. Qe2 Rfe8 15. Nd2
Bxg2 16. Kxg2 b5 17. Kg1 b4 18. Nce4 a5 19. Rfe1 Nxe4 20. Qxe4 Nf6 21. Qf4 Nh5
22. Qf3 Nf6 23. h4 Qb7 24. Qxb7 Rxb7 25. Nf3 Ra8 26. Kg2 h6 27. Nd2 Bf8 28. Kf3
a4 29. Ra1 a3 30. Bc1 Ra5 31. Kg2 g6 32. Nf3 Ng4 33. Be3 Bg7 34. Rad1 Rf5 35.
Nh2 Nxe3+ 36. fxe3 Ra5 37. Nf3 Bf6 38. Rc1 Rc7 39. Rc2 Kg7 40. Rd1 g5 41. hxg5
hxg5 42. Rh1 Rc8 43. Rcc1 Raa8 44. Nd2 Be7 45. Rh5 Rh8 46. Rxh8 Rxh8 47. Ne4 f5
48. Nf2 g4 49. Nd3 Bg5 50. Re1 Rb8 51. Kf2 Kf7 52. Rh1 Kg7 53. Re1 Rh8 54. Kg2
Rb8 55. Kf2 Kf6 56. Rh1 Rb7 57. Re1 e5 58. dxe5+ dxe5 59. Rh1 Rb8 60. Re1 e4 61.
Nf4 Bxf4 62. exf4 Rd8 63. Re3 Rd1 64. Re1 Rd2+ 65. Re2 Rb2 66. Ke1 Ke6 67. Kd1
Rb1+ 68. Kd2 Kd6 69. Kc2 Rb2+ 70. Kd1 Rb1+ 71. Kd2 Rg1 72. Ke3 Rxg3+ 73. Kf2 Rf3+
74. Kg2 Rxf4 75. Rd2+ Kc6 76. Kg3 Rf1 77. Kg2 Rb1 78. Rd5 f4 79. Rd4 Rb2+ 80.
Kf1 f3 81. Rxe4 g3 82. Rf4 0-1

[Event "Druzynowe Mistrzostwa Stowarzyszenia Cross"]
[Site "Wielspin Wagrowiec"]
[Date "1899-12-30"]
[Round "9.1"]
[White "Kasperczyk, Dominik"]
[Black "Spionkowski, Fabian"]
[Result "1-0"]
[WhiteTitle "II"]
[BlackTitle "II+"]
[WhiteElo "1681"]
[BlackElo "1377"]

1. c4 Nf6 2. Nc3 g6 3. d4 c5 4. d5 e6 5. dxe6 fxe6 6. Nf3 d5 7. cxd5 exd5 8. Bg5
d4 9. Ne4 Qa5+ 10. Bd2 Qb6 11. Nxf6+ Qxf6 12. Qb3 Nc6 13. e3 Qe7 14. Bc4 dxe3
15. Qxe3 Qxe3+ 16. Bxe3 Bf5 17. Rd1 Bg4 18. O-O Ne5 19. Nxe5 Bxd1 20. Rxd1 Be7
21. Bf7+ Kf8 22. Bh6# 1-0

[Event "Druzynowe Mistrzostwa Stowarzyszenia Cross"]
[Site "Wielspin Wagrowiec"]
[Date "1899-12-30"]
[Round "9.2"]
[White "Kizym, Lukasz"]
[Black "Filipiak, Rajmund"]
[Result "0-1"]
[WhiteTitle "II"]
[BlackTitle "II+"]
[WhiteElo "1590"]
[BlackElo "1688"]

1. Nf3 d5 2. d4 c6 3. c4 e6 4. Nc3 f5 5. Bf4 Nf6 6. cxd5 exd5 7. e3 Bb4 8. Bd3
O-O 9. a3 Bd6 10. Bxd6 Qxd6 11. Ne5 Ne4 12. O-O Nd7 13. Bxe4 fxe4 14. f4 Nf6 15.
Ne2 Bf5 16. Qb3 Qc7 17. Qb4 0-1

[Event "Druzynowe Mistrzostwa Stowarzyszenia Cross"]
[Site "Wielspin Wagrowiec"]
[Date "1899-12-30"]
[Round "9.3"]
[White "Traczyk, Tadeusz"]
[Black "Polakowski, Janusz"]
[Result "1-0"]
[WhiteTitle "I"]
[BlackTitle "II"]
[WhiteElo "1786"]
[BlackElo "1454"]

1. e4 e5 2. d4 exd4 3. Qxd4 Nc6 4. Qe3 Qe7 5. Nc3 a6 6. Nd5 Qd6 7. Bd2 Nf6 8. Nxf6+
Qxf6 9. O-O-O Qd4 10. Qg3 Qe5 11. f4 Qc5 12. Ne2 d5 13. exd5 Qxd5 14. Nc3 Qf5
15. Bd3 Qg4 16. Qe3+ Qe6 17. Qf2 Qd7 18. f5 Bb4 19. Rhe1+ Kd8 20. a3 Ba5 21. f6
g6 22. h3 Re8 23. g4 b5 24. Bxg6 Rxe1 25. Bxe1 1-0

[Event "Druzynowe Mistrzostwa Stowarzyszenia Cross"]
[Site "Wielspin Wagrowiec"]
[Date "1899-12-30"]
[Round "9.8"]
[White "Walczak, Lucjan"]
[Black "Zelajtys, Jozef"]
[Result "1/2-1/2"]
[WhiteTitle "I"]
[BlackTitle "I"]
[WhiteElo "1827"]
[BlackElo "1712"]

1. e4 e6 2. d4 d5 3. exd5 exd5 4. Bd3 Bd6 5. Nf3 Ne7 6. O-O O-O 7. Bg5 f6 8. Bh4
Bf5 9. Bg3 c6 10. c3 Bxg3 11. hxg3 Nd7 12. Re1 Bxd3 13. Qxd3 Ng6 14. Nbd2 Re8
15. Rxe8+ Qxe8 16. Re1 Qf7 17. Qe2 Kf8 18. Kf1 Re8 19. Qxe8+ Qxe8 20. Rxe8+ Kxe8
21. Ke2 1/2-1/2

[Event "Druzynowe Mistrzostwa Stowarzyszenia Cross"]
[Site "Wielspin Wagrowiec"]
[Date "1899-12-30"]
[Round "9.9"]
[White "Hornik, Bronislaw"]
[Black "Inglot, Marian"]
[Result "1-0"]
[WhiteTitle "I"]
[BlackTitle "II"]
[WhiteElo "1712"]
[BlackElo "1394"]

1. e4 e5 2. Nf3 Nc6 3. Bb5 a6 4. Ba4 Nf6 5. O-O b5 6. Bb3 d6 7. Ng5 Be6 8. Nxe6
fxe6 9. Bxe6 d5 10. exd5 Nxd5 11. Qf3 Nf4 12. Qxc6+ Ke7 13. Bg4 h5 14. Bf3 Ra7
15. d3 Rh6 16. Qc5+ Kf7 17. Qxa7 Bd6 18. Bxf4 exf4 19. Nc3 h4 20. h3 Qd7 21. Ne4
Be5 22. Qc5 Bd4 23. Ng5+ Ke8 24. Rae1+ Kd8 25. Qf8+ 1-0

[Event "Druzynowe Mistrzostwa Stowarzyszenia Cross"]
[Site "Wielspin Wagrowiec"]
[Date "1899-12-30"]
[Round "9.10"]
[White "Jagiela, Andrzej"]
[Black "Kaciotys, Mieczyslaw"]
[Result "1/2-1/2"]
[WhiteTitle "I"]
[BlackTitle "II+"]
[WhiteElo "1730"]
[BlackElo "1683"]

1. e4 e5 2. Nf3 Nc6 3. Bc4 h6 4. O-O Nf6 5. d3 Bc5 6. Nc3 d6 7. h3 Na5 8. Bb3 O-O
9. Bd2 Nxb3 10. axb3 a6 11. Na4 Ba7 12. b4 Bd7 13. Nc3 Re8 14. Qc1 Nh7 15. Ne2
f5 16. exf5 Bxf5 17. Ng3 Qd7 18. Nh4 Bxh3 19. Kh2 Bg4 20. Be3 g5 21. Nf3 Bxf3
22. gxf3 Rf8 23. Kg2 d5 24. Bxa7 Rxa7 25. Qe3 Raa8 26. Qxe5 Rae8 27. Qd4 Rf4 28.
Qc3 Ref8 29. Rae1 Rxf3 30. Re2 h5 31. Re3 Qf7 32. Qd2 h4 33. Nh1 Qf4 34. Qe2 g4
35. Re8 Ng5 36. Qe7 Rxe8 37. Qxe8+ Qf8 38. Qh5 h3+ 39. Kg1 Qf4 40. Qg6+ Kf8 41.
Qh6+ Kf7 42. Qh5+ Kg7 43. Re1 c6 44. Re7+ Nf7 45. Qh4 Qc1+ 46. Kh2 g3+ 47. Nxg3
Rxf2+ 48. Kxh3 Rf3 49. Qg4+ Kf8 50. Qxf3 Kxe7 51. Nf5+ Kd7 52. Kg3 Qxc2 53. Qe3
Nd8 54. Qe7+ Kc8 55. Nd6+ Kb8 56. Qxd8+ Ka7 57. Qe7 Qxd3+ 58. Kf4 Qd2+ 59. Kg4
Qg2+ 60. Kh5 Qh2+ 61. Kg6 Qg1+ 62. Kf7 Qf2+ 63. Ke6 Qe3+ 1/2-1/2

[Event "Druzynowe Mistrzostwa Stowarzyszenia Cross"]
[Site "Wielspin Wagrowiec"]
[Date "1899-12-30"]
[Round "9.11"]
[White "Perszewska, Krystyna"]
[Black "Jagiela, Elzbieta"]
[Result "1/2-1/2"]
[WhiteTitle "I"]
[BlackTitle "II"]
[WhiteElo "1421"]
[BlackElo "1382"]

1. d4 d5 2. c4 e6 3. Nc3 Nf6 4. Nf3 Be7 5. Bg5 h6 6. Bh4 O-O 7. e3 c6 8. Bxf6 Bxf6
9. cxd5 cxd5 10. Be2 Nc6 11. O-O Be7 12. Bb5 Bd7 13. Rc1 Rc8 14. Bd3 Bb4 15. a3
Bxc3 16. Rxc3 Ne7 17. Rxc8 Qxc8 18. Qd2 Qb8 19. Rc1 Rc8 20. h3 Nc6 21. Bb5 a6
22. Bxc6 Bxc6 23. Ne5 Qd6 24. Nxc6 Rxc6 25. Rxc6 Qxc6 1/2-1/2

[Event "Druzynowe Mistrzostwa Stowarzyszenia Cross"]
[Site "Wielspin Wagrowiec"]
[Date "1899-12-30"]
[Round "9.12"]
[White "Pawlik, Tomasz"]
[Black "Staruch, Roman"]
[Result "1-0"]
[WhiteTitle "I"]
[BlackTitle "I++"]
[WhiteElo "1642"]
[BlackElo "1781"]

1. e4 d5 2. exd5 Nf6 3. d4 Nxd5 4. c4 Nb6 5. Nf3 g6 6. h3 Bg7 7. Be3 O-O 8. Nc3
Nc6 9. Qd2 e5 10. d5 Ne7 11. Bh6 Bxh6 12. Qxh6 Nf5 13. Qd2 Re8 14. g4 Nh4 15.
Nh2 e4 16. O-O-O f5 17. Be2 Qf6 18. Qh6 f4 19. g5 Nf5 20. Qxh7+ Kxh7 21. gxf6
Nd7 22. Ng4 a6 23. f7 Re7 24. Nf6+ Kg7 25. Nfxe4 Rxf7 26. Ng5 Re7 27. Ne6+ Kf7
28. Nxc7 Ra7 29. Ne6 Nf6 30. Nxf4 b6 31. Ne6 Bxe6 32. dxe6+ Rxe6 33. Bg4 Rae7
34. Bxf5 gxf5 35. Rd2 Ne4 36. Nxe4 Rxe4 37. Rhd1 Re2 38. Kc2 Rxd2+ 39. Rxd2 Kf6
40. b3 Kg5 1-0

[Event "Druzynowe Mistrzostwa Stowarzyszenia Cross"]
[Site "Wielspin Wagrowiec"]
[Date "1899-12-30"]
[Round "9.13"]
[White "Rutkowski, Jerzy"]
[Black "Grzywacz, Ryszard"]
[Result "1-0"]
[WhiteTitle "I+"]
[BlackTitle "I"]
[WhiteElo "1956"]
[BlackElo "1646"]

1. e4 e5 2. Nf3 Nc6 3. Bb5 Bc5 4. c3 d6 5. h3 Nf6 6. d4 exd4 7. cxd4 Bb4+ 8. Nbd2
Nxe4 9. d5 a6 10. Bd3 O-O 11. dxc6 Nf6 1-0

[Event "Druzynowe Mistrzostwa Stowarzyszenia Cross"]
[Site "Wielspin Wagrowiec"]
[Date "1899-12-30"]
[Round "9.14"]
[White "Czarnecki, Zbigniew"]
[Black "Huzarski, Stanislaw"]
[Result "0-1"]
[WhiteTitle "II"]
[BlackTitle "I"]
[WhiteElo "1304"]
[BlackElo "1731"]

1. e4 c5 2. Nf3 Nc6 3. d4 cxd4 4. Nxd4 Nf6 5. Nc3 d6 6. f3 g6 7. Be3 Bg7 8. Qd2
O-O 9. Bd3 a6 10. g4 Qc7 11. Nde2 Ne5 12. Nd5 Nxd5 13. Ng1 Nxe3 0-1

[Event "Druzynowe Mistrzostwa Stowarzyszenia Cross"]
[Site "Wielspin Wagrowiec"]
[Date "1899-12-30"]
[Round "9.15"]
[White "Suder, Ryszard"]
[Black "Kowalczyk, Marian"]
[Result "1-0"]
[WhiteTitle "k+"]
[BlackTitle "I++"]
[WhiteElo "2107"]
[BlackElo "1904"]

1. d4 Nf6 2. Nf3 d5 3. g3 e6 4. Bg2 c5 5. O-O Nc6 6. c4 dxc4 7. Qa4 Bd7 8. Qxc4
cxd4 9. Nxd4 Rc8 10. Nc3 Nxd4 11. Qxd4 Bc5 12. Qd3 Bc6 13. Qxd8+ Rxd8 14. Bxc6+
bxc6 15. Bg5 Be7 16. Rac1 O-O 17. Na4 Nd5 18. Bxe7 Nxe7 19. Rfd1 g6 20. Kf1 Kg7
21. e4 e5 22. Ke2 f5 23. Nc5 Rxd1 24. Rxd1 Rb8 25. b3 Rb5 26. Rd7 Kf6 27. Na4
a5 28. f3 Ke6 29. Ra7 fxe4 30. fxe4 h6 31. Kd3 Kd6 32. Nc3 Rc5 33. a3 Nc8 34.
Rg7 Ne7 35. b4 axb4 36. axb4 Rb5 37. Nxb5+ cxb5 38. Rf7 Ke6 39. Rf8 1-0

[Event "Druzynowe Mistrzostwa Stowarzyszenia Cross"]
[Site "Wielspin Wagrowiec"]
[Date "1899-12-30"]
[Round "9.16"]
[White "Niecko, Stanislaw"]
[Black "Olejnik, Bernard"]
[Result "1-0"]
[WhiteTitle "I+"]
[BlackTitle "I"]
[WhiteElo "1726"]
[BlackElo "1772"]

1. Nf3 Nc6 2. c4 e6 3. d4 Nf6 4. Nc3 h6 5. a3 Ne7 6. e3 Nf5 7. Bd3 b6 8. e4 Ne7
9. e5 Nfg8 10. Be4 Rb8 11. Be3 Bb7 12. d5 f5 13. Bc2 g5 14. Nd4 c5 15. Qh5+ 1-0

[Event "Druzynowe Mistrzostwa Stowarzyszenia Cross"]
[Site "Wielspin Wagrowiec"]
[Date "1899-12-30"]
[Round "9.17"]
[White "Malcer, Joanna"]
[Black "Pociejowski, Marek"]
[Result "1/2-1/2"]
[WhiteTitle "I"]
[BlackTitle "I++"]
[WhiteElo "1516"]
[BlackElo "1842"]

1. e4 Nf6 2. d3 e5 3. Nc3 Nc6 4. Nf3 d5 5. exd5 Nxd5 6. Bd2 Be7 7. Be2 Bf5 8. O-O
h5 9. h3 Qd7 10. a3 a5 11. Ne4 h4 12. Nh2 Be6 13. Ng5 Bxg5 14. Bxg5 f6 15. Bd2
g6 16. Ng4 Qg7 17. Ne3 Nd4 18. Nxd5 Nxe2+ 19. Qxe2 Bxd5 20. c4 Bf7 21. Rfe1 O-O
22. Bc3 c6 23. Qe3 Ra6 24. c5 a4 25. d4 exd4 26. Qxd4 1/2-1/2